Daňová politika SR a jej vplyv na podnikateľské prostredie bakalárska práca

Uložené v:
Podrobná bibliografia
Hlavný autor: Pagáčová, Ema
Korporativný autor: Fakulta podnikového manažmentu EU. Katedra podnikových financií
Ďalší autori: Ďurinová, Ivona, 1964-
Médium: Kniha
Jazyk:Slovak
Vydavateľské údaje: Bratislava 2022
Tagy: Pridať tag
Žiadne tagy, Buďte prvý, kto otaguje tento záznam!

MARC

LEADER 00000nbm a2200000 4500
001 0285613
005 20230223105347.5
041 0 |a slo 
044 |a SK 
245 1 0 |a Daňová politika SR a jej vplyv na podnikateľské prostredie  |b bakalárska práca  |c Ema Pagáčová ; školiteľ: Ivona Ďurinová 
264 1 |a Bratislava  |c 2022 
300 |a 65 s. 
100 1 |a Pagáčová, Ema 
700 1 |a Ďurinová, Ivona, 1964- 
710 2 |a Fakulta podnikového manažmentu EU. Katedra podnikových financií